[Event "Lesa op"]
[Site "Lesa"]
[Date "2024.05.05"]
[Round "5"]
[White "Sala, Matteo"]
[Black "Gola, Giorgio"]
[Result "0-1"]
[WhiteElo "1827"]
[BlackElo "2016"]
[PlyCount "102"]
[EventDate "2024.05.03"]
[EventType "swiss"]
[EventRounds "5"]
[EventCountry "SUI"]
[SourceTitle "CBM 220 Extra"]
[Source "ChessBase"]
[SourceDate "2024.07.31"]
[SourceVersion "1"]
[SourceVersionDate "2024.07.31"]
[SourceQuality "1"]

1. e4 c5 2. Nf3 e6 3. d4 cxd4 4. Nxd4 Nf6 5. Nc3 Nc6 6. Nxc6 bxc6 7. Bd3 d5 8. 0-0 a5 9. e5 Nd7 10. Re1 Ba6 11. Qg4 Qc7 12. Bf4 g6 13. h4 h5 14. Qe2 Bxd3 15. cxd3 Rb8 16. d4 Qb6 17. Qd3 Be7 18. g3 c5 19. b3 cxd4 20. Na4 Qa7 21. Kg2 Kf8 22. Red1 Kg7 23. Qxd4 Qxd4 24. Rxd4 Rhc8 25. Rdd1 Ba3 26. Bd2 Bb4 27. Bc1 Nxe5 28. Bb2 f6 29. Bxe5 fxe5 30. Rac1 Kf6 31. Kf3 e4+ 32. Ke3 Ke5 33. Ke2 Ba3 34. Rxc8 Rxc8 35. Nb6 Rc2+ 36. Rd2 Rc1 37. Rd1 Rc7 38. Rd2 Bb4 39. Rb2 Rc1 40. f4+ exf3+ 41. Kxf3 Rf1+ 42. Kg2 Re1 43. Rc2 Kd4 44. Rf2 e5 45. Rf7 Ke4 46. Rf6 d4 47. Nc4 d3 48. Re6 Bc3 49. Rd6 Re2+ 50. Kf1 Rxa2 51. Rxg6 Ra1+ 0-1

[Event "Lesa op"]
[Site "Lesa"]
[Date "2024.05.03"]
[Round "1"]
[White "Silini, Riccardo"]
[Black "Gola, Giorgio"]
[Result "0-1"]
[WhiteElo "1742"]
[BlackElo "2016"]
[PlyCount "46"]
[EventDate "2024.05.03"]
[EventType "swiss"]
[EventRounds "5"]
[EventCountry "SUI"]
[SourceTitle "CBM 220 Extra"]
[Source "ChessBase"]
[SourceDate "2024.07.31"]
[SourceVersion "1"]
[SourceVersionDate "2024.07.31"]
[SourceQuality "1"]

1. Nf3 Nf6 2. d4 e6 3. b3 d5 4. Bb2 Bd6 5. e3 b6 6. Be2 Bb7 7. 0-0 0-0 8. Nbd2 Nbd7 9. c4 Rc8 10. Rc1 c5 11. cxd5 Nxd5 12. Nc4 Bb8 13. Nce5 Nxe5 14. Nxe5 Bxe5 15. dxe5 Qg5 16. Bf3 Rfd8 17. Qe2 Rd7 18. Rfd1 Rcd8 19. e4 Nf4 20. Qf1 Ba6 21. Qe1 Rxd1 22. Rxd1 Rxd1 23. Qxd1 Nh3+ 0-1

[Event "Torino op 53rd"]
[Site "Torino"]
[Date "2024.01.06"]
[Round "8"]
[White "Gola, Giorgio"]
[Black "Lo Gatto, Riccardo"]
[Result "1/2-1/2"]
[WhiteElo "2090"]
[BlackElo "2028"]
[PlyCount "45"]
[EventDate "2024.01.02"]
[EventType "swiss"]
[EventRounds "9"]
[EventCountry "ITA"]
[SourceTitle "CBM 218 Extra"]
[Source "ChessBase"]
[SourceDate "2024.03.31"]
[SourceVersion "1"]
[SourceVersionDate "2024.03.31"]
[SourceQuality "1"]

1. e4 c5 2. Nf3 d6 3. d4 cxd4 4. Nxd4 Nf6 5. Nc3 a6 6. Be3 e5 7. Nb3 Be6 8. f3 Be7 9. Qd2 0-0 10. 0-0-0 Nbd7 11. g4 b5 12. g5 b4 13. Ne2 Ne8 14. f4 a5 15. f5 a4 16. fxe6 axb3 17. cxb3 fxe6 18. Bh3 Rxa2 19. Bxe6+ Kh8 20. Ng3 Nc7 21. Bc4 Qa8 22. Rhf1 Rxf1 23. Rxf1 1/2-1/2

[Event "Torino op 53rd"]
[Site "Torino"]
[Date "2024.01.03"]
[Round "2"]
[White "Gola, Giorgio"]
[Black "Gallo, Ivan"]
[Result "1-0"]
[WhiteElo "2090"]
[BlackElo "2004"]
[PlyCount "79"]
[EventDate "2024.01.02"]
[EventType "swiss"]
[EventRounds "9"]
[EventCountry "ITA"]
[SourceTitle "CBM 218 Extra"]
[Source "ChessBase"]
[SourceDate "2024.03.31"]
[SourceVersion "1"]
[SourceVersionDate "2024.03.31"]
[SourceQuality "1"]

1. d4 Nf6 2. c4 e6 3. Nc3 Bb4 4. f3 d5 5. a3 Bxc3+ 6. bxc3 c5 7. e3 0-0 8. cxd5 exd5 9. Bd3 Re8 10. Ne2 b6 11. 0-0 Ba6 12. Ng3 Bxd3 13. Qxd3 Nc6 14. Ra2 Rc8 15. Rd1 Re6 16. Re2 h5 17. Bb2 Qe8 18. Rde1 Rc7 19. e4 c4 20. Qc2 g6 21. Bc1 h4 22. Nh1 Rce7 23. Nf2 Qd7 24. Bg5 h3 25. e5 Nh5 26. Bxe7 Qxe7 27. Nxh3 Nd8 28. g4 Qh4 29. Kg2 Ng7 30. Qd2 Re8 31. Qg5 Qh7 32. Qf4 Nge6 33. Qg3 g5 34. f4 Qh4 35. f5 Qxh3+ 36. Kxh3 Nf4+ 37. Qxf4 gxf4 38. g5 Kg7 39. Kg4 Rh8 40. h4 1-0

[Event "Wch U16"]
[Site "Montesilvano"]
[Date "2023.11.24"]
[Round "11"]
[White "Zacarias Rodriguez, Santiago"]
[Black "Gola, Giorgio"]
[Result "1/2-1/2"]
[WhiteElo "2262"]
[BlackElo "2067"]
[PlyCount "118"]
[EventDate "2023.11.13"]
[EventType "swiss"]
[EventRounds "11"]
[EventCountry "ITA"]
[SourceTitle "CBM 217 Extra"]
[Source "ChessBase"]
[SourceDate "2024.01.31"]
[SourceVersion "1"]
[SourceVersionDate "2024.01.31"]
[SourceQuality "1"]

1. e4 c5 2. Nf3 d6 3. d4 cxd4 4. Qxd4 Nc6 5. Bb5 Bd7 6. Qd3 Nf6 7. 0-0 g6 8. c4 Bg7 9. Nc3 0-0 10. Rd1 a6 11. Bxc6 Bxc6 12. Nd4 Qc7 13. b3 Rfc8 14. Bb2 Rab8 15. a4 e6 16. Ba3 d5 17. exd5 exd5 18. cxd5 Bxd5 19. Nxd5 Nxd5 20. Rac1 Qa5 21. Ne2 Nc3 22. Nxc3 Rxc3 23. Rxc3 Qxc3 24. Qd5 Qe5 25. Qf3 Re8 26. g3 b5 27. Kg2 bxa4 28. bxa4 h5 29. Rd6 Re6 30. Rd8+ Re8 31. Rd6 Re6 32. Rd8+ Re8 33. Bb2 Qe6 34. Rxe8+ Qxe8 35. Bxg7 Kxg7 36. Qc3+ Kh7 37. Qc4 Qa8+ 38. Kf1 Qb7 39. Ke2 Kg7 40. Ke3 Kf8 41. Kd4 Qb2+ 42. Ke3 Qb7 43. h4 Qb6+ 44. Qd4 Qb3+ 45. Kf4 Kg8 46. Ke4 Qe6+ 47. Kd3 Qb3+ 48. Kd2 Qa2+ 49. Ke3 Qe6+ 50. Qe4 Qb6+ 51. Kf3 Qf6+ 52. Kg2 Qb6 53. Qd5 Qf6 54. a5 Kg7 55. Qc5 Qe6 56. Kf3 Kg8 57. Qb6 Qc4 58. Ke3 Kh7 59. f3 Kg8 1/2-1/2

[Event "Wch U16"]
[Site "Montesilvano"]
[Date "2023.11.17"]
[Round "5"]
[White "Palczert, Matyas"]
[Black "Gola, Giorgio"]
[Result "1-0"]
[WhiteElo "2349"]
[BlackElo "2067"]
[PlyCount "45"]
[EventDate "2023.11.13"]
[EventType "swiss"]
[EventRounds "11"]
[EventCountry "ITA"]
[SourceTitle "CBM 217 Extra"]
[Source "ChessBase"]
[SourceDate "2024.01.31"]
[SourceVersion "1"]
[SourceVersionDate "2024.01.31"]
[SourceQuality "1"]

1. e4 c5 2. Nf3 d6 3. d4 cxd4 4. Nxd4 Nf6 5. Nc3 a6 6. h3 e5 7. Nb3 Be7 8. Be3 h6 9. Qf3 b5 10. g4 b4 11. Nd5 Nxd5 12. exd5 a5 13. Bd3 Ba6 14. Bf5 a4 15. Nd2 Nd7 16. Rg1 Nc5 17. Bxc5 dxc5 18. d6 Bxd6 19. Ne4 Rb8 20. 0-0-0 Rb6 21. Nxd6+ Rxd6 22. Rxd6 Qxd6 23. Rd1 1-0

[Event "ITA-ch U16"]
[Site "Tarvisio"]
[Date "2023.07.06"]
[Round "5"]
[White "Barna, Marco"]
[Black "Gola, Giorgio"]
[Result "1/2-1/2"]
[WhiteElo "1778"]
[BlackElo "2066"]
[PlyCount "88"]
[EventDate "2023.07.02"]
[EventType "swiss"]
[EventRounds "9"]
[EventCountry "ITA"]
[SourceTitle "EXT 2024"]
[Source "ChessBase"]
[SourceDate "2023.10.10"]
[SourceVersion "1"]
[SourceVersionDate "2023.10.10"]
[SourceQuality "1"]

1. Nf3 Nf6 2. c4 e6 3. e3 d5 4. b3 b6 5. Bb2 Bb7 6. cxd5 exd5 7. Be2 Bd6 8. 0-0 0-0 9. Nc3 a6 10. Rc1 Nbd7 11. Qc2 Qe7 12. h3 Ne4 13. d3 Nec5 14. Rce1 f5 15. Bd1 Nf6 16. Qd2 Rae8 17. a4 Ne6 18. Ne2 c5 19. Nf4 Qc7 20. g3 b5 21. axb5 axb5 22. Be2 Nxf4 23. gxf4 Re6 24. Be5 Nd7 25. Bxd6 Rxd6 26. Rc1 Rg6+ 27. Kh2 Qd6 28. Rg1 Rff6 29. Qa5 Qb6 30. Qxb6 Rxb6 31. Ne5 Rxg1 32. Kxg1 Nxe5 33. fxe5 Rc6 34. f4 Kf7 35. Kf2 Ke6 36. Ke1 Kd7 37. Bf3 Rc8 38. Kd2 g6 39. h4 Kc6 40. d4 Kb6 41. dxc5+ Rxc5 42. Rxc5 Kxc5 43. Kd3 b4 44. Kd2 Ba6 1/2-1/2

[Event "ITA-ch U16"]
[Site "Tarvisio"]
[Date "2023.07.03"]
[Round "2"]
[White "Gola, Giorgio"]
[Black "Pasquale, Karol"]
[Result "1/2-1/2"]
[WhiteElo "2066"]
[BlackElo "1637"]
[PlyCount "80"]
[EventDate "2023.07.02"]
[EventType "swiss"]
[EventRounds "9"]
[EventCountry "ITA"]
[SourceTitle "EXT 2024"]
[Source "ChessBase"]
[SourceDate "2023.10.10"]
[SourceVersion "1"]
[SourceVersionDate "2023.10.10"]
[SourceQuality "1"]

1. d4 d5 2. Nf3 Nf6 3. e3 e6 4. Bd3 c5 5. b3 Nc6 6. Bb2 Bd6 7. Nbd2 0-0 8. 0-0 b6 9. Ne5 Bb7 10. f4 Ne7 11. Qf3 Qc7 12. Qh3 Ne4 13. Ndf3 Bxe5 14. Nxe5 Nf5 15. Bxe4 dxe4 16. g4 Ne7 17. dxc5 f6 18. Nc4 Ba6 19. Qg2 Bxc4 20. bxc4 Qc6 21. cxb6 axb6 22. Bd4 Ra4 23. Rab1 Rb8 24. c5 b5 25. Rb2 Rba8 26. Rfb1 Rxa2 27. Rxb5 R2a6 28. Qe2 Nc8 29. Rb7 R6a7 30. Rb8 Rxb8 31. Rxb8 Qc7 32. Qb5 Kf7 33. c6 Nd6 34. Qh5+ Ke7 35. Bxa7 Qxa7 36. Rb3 Qa1+ 37. Kf2 Qd1 38. Qc5 Qd2+ 39. Kg3 Qe1+ 40. Kg2 Qe2+ 1/2-1/2

[Event "Forni di Sopra op 14th"]
[Site "Forni di Sopra"]
[Date "2023.06.12"]
[Round "4"]
[White "Gola, Giorgio"]
[Black "Boraso, Alessio"]
[Result "0-1"]
[WhiteElo "2071"]
[BlackElo "2330"]
[PlyCount "190"]
[EventDate "2023.06.10"]
[EventType "swiss"]
[EventRounds "9"]
[EventCountry "ITA"]
[SourceTitle "CBM 214 Extra"]
[Source "ChessBase"]
[SourceDate "2023.07.31"]
[SourceVersion "1"]
[SourceVersionDate "2023.07.31"]
[SourceQuality "1"]

1. d4 Nf6 2. c4 e6 3. Nc3 Bb4 4. f3 d5 5. a3 Be7 6. e4 dxc4 7. Bxc4 c5 8. Be3 cxd4 9. Qxd4 Qxd4 10. Bxd4 Nc6 11. Be3 Ne5 12. Be2 0-0 13. f4 Ng6 14. Nf3 Ng4 15. Bd2 Bc5 16. Nd1 Bd7 17. Ng5 Nf6 18. Nc3 h6 19. Nf3 Ng4 20. h3 Ne3 21. Bxe3 Bxe3 22. g3 Bc6 23. Bb5 Rac8 24. Bxc6 Rxc6 25. Ke2 Bb6 26. Rhd1 f5 27. e5 Rfc8 28. Rd3 Ne7 29. Rad1 Kf7 30. Nd4 Bxd4 31. Rxd4 a6 32. Rd7 R8c7 33. R7d4 g5 34. Kf3 Rb6 35. R1d2 Rb3 36. R4d3 b5 37. h4 gxf4 38. gxf4 a5 39. Ne2 Rxd3+ 40. Rxd3 Nd5 41. Nd4 Rc4 42. Kg3 Rc5 43. Nb3 Rc2 44. Rd2 Rc8 45. Nxa5 Rg8+ 46. Kf3 Rg4 47. Rd4 Rxh4 48. Nb7 Rh3+ 49. Kg2 Rb3 50. Nd8+ Ke7 51. Nc6+ Ke8 52. Nb4 Nxb4 53. axb4 Rxb2+ 54. Kg3 Ke7 55. Kf3 Rb3+ 56. Kf2 Rc3 57. Rd1 Rc4 58. Kf3 Rc3+ 59. Kf2 Rb3 60. Rh1 Rxb4 61. Kf3 Rb3+ 62. Ke2 Kd7 63. Rxh6 Ra3 64. Rh8 Ra6 65. Rb8 Kc6 66. Kd3 Rb6 67. Rc8+ Kd5 68. Rd8+ Kc5 69. Kc3 Rc6 70. Kb3 Kb6 71. Rd7 Rc4 72. Rd6+ Kc5 73. Rxe6 Rxf4 74. Re8 Re4 75. e6 Kd6 76. Rb8 Kxe6 77. Rxb5 Kf6 78. Kc3 Kg5 79. Kd3 Re8 80. Rb7 Kg4 81. Rg7+ Kf3 82. Rg1 Rd8+ 83. Kc2 f4 84. Rf1+ Ke3 85. Re1+ Kf2 86. Re7 f3 87. Rg7 Ke2 88. Re7+ Kf1 89. Rf7 f2 90. Rg7 Rd5 91. Kc3 Ke2 92. Re7+ Kf3 93. Rf7+ Ke3 94. Re7+ Kf4 95. Rf7+ Rf5 0-1

[Event "Forni di Sopra op 14th"]
[Site "Forni di Sopra"]
[Date "2023.06.10"]
[Round "1"]
[White "Moroni, Luca Jr"]
[Black "Gola, Giorgio"]
[Result "1-0"]
[WhiteElo "2560"]
[BlackElo "2071"]
[PlyCount "101"]
[EventDate "2023.06.10"]
[EventType "swiss"]
[EventRounds "9"]
[EventCountry "ITA"]
[SourceTitle "CBM 214 Extra"]
[Source "ChessBase"]
[SourceDate "2023.07.31"]
[SourceVersion "1"]
[SourceVersionDate "2023.07.31"]
[SourceQuality "1"]

1. c4 e5 2. Nc3 Nf6 3. e3 Bb4 4. Nge2 0-0 5. a3 Be7 6. d4 exd4 7. Nxd4 b6 8. Be2 Bb7 9. Bf3 Bxf3 10. Qxf3 Na6 11. 0-0 Re8 12. e4 h6 13. Nf5 Bf8 14. Bf4 d6 15. b4 Qc8 16. Rfe1 Qb7 17. Be3 Nd7 18. Nxh6+ gxh6 19. Qg4+ Kh8 20. Qxd7 Bg7 21. Rac1 Rf8 22. Nd5 Rae8 23. Qh3 Re6 24. f3 Qc8 25. Rcd1 Nb8 26. Qh4 Nc6 27. Nf4 Ree8 28. Nh5 Qe6 29. c5 dxc5 30. bxc5 Rg8 31. cxb6 axb6 32. Kh1 Ne5 33. Nxg7 Kxg7 34. Rd5 Qg6 35. Re2 Kh7 36. Qf4 f6 37. Bd4 Qg5 38. Qxg5 hxg5 39. h3 Kg6 40. Rc2 Re7 41. Kh2 Ra8 42. Bxe5 fxe5 43. Rc6+ Kf7 44. Rd3 Ra7 45. Rdc3 Rd7 46. Kg3 Ke7 47. Kg4 Rd2 48. g3 Ra2 49. Rxc7+ Rxc7 50. Rxc7+ Kd6 51. Rc3 1-0

[Event "Bassano del Grappa Easter op-A 2nd"]
[Site "Bassano del Grappa"]
[Date "2022.04.17"]
[Round "7"]
[White "Jaivardhan, Raj"]
[Black "Gola, Giorgio"]
[Result "1-0"]
[WhiteElo "2006"]
[BlackElo "1957"]
[PlyCount "82"]
[EventDate "2022.04.14"]
[EventType "swiss"]
[EventRounds "9"]
[EventCountry "ITA"]
[SourceTitle "EXT 2024"]
[Source "ChessBase"]
[SourceDate "2023.10.10"]
[SourceVersion "1"]
[SourceVersionDate "2023.10.10"]
[SourceQuality "1"]

1. e4 c5 2. Nf3 d6 3. d4 cxd4 4. Qxd4 Nc6 5. Qe3 g6 6. c4 Bg7 7. Nc3 Nf6 8. h3 a5 9. Be2 a4 10. Rb1 Nd7 11. 0-0 0-0 12. Bd1 Nc5 13. Bc2 h6 14. b4 axb3 15. axb3 Be6 16. Bb2 Nb4 17. Qd2 Nc6 18. Nd5 Ra7 19. Bxg7 Kxg7 20. Qc3+ Kh7 21. b4 Nd7 22. Nf4 Nde5 23. Nxe5 Nxe5 24. Nxe6 fxe6 25. f4 Nd7 26. e5 Qc7 27. Qd3 Rg8 28. Rfd1 Rg7 29. exd6 exd6 30. Bb3 Ra6 31. Kh1 Rf7 32. Qe4 Rf6 33. Bc2 Kg7 34. g4 e5 35. g5 hxg5 36. fxg5 Re6 37. Qh4 Nf8 38. Be4 Ra3 39. Rf1 Qe7 40. Qh6+ Kg8 41. Bd5 Nh7 1-0

[Event "Bassano del Grappa Easter op-A 2nd"]
[Site "Bassano del Grappa"]
[Date "2022.04.14"]
[Round "2"]
[White "Gola, Giorgio"]
[Black "Okuyaz, Duru"]
[Result "1/2-1/2"]
[WhiteElo "1957"]
[BlackElo "2094"]
[PlyCount "84"]
[EventDate "2022.04.14"]
[EventType "swiss"]
[EventRounds "9"]
[EventCountry "ITA"]
[SourceTitle "EXT 2024"]
[Source "ChessBase"]
[SourceDate "2023.10.10"]
[SourceVersion "1"]
[SourceVersionDate "2023.10.10"]
[SourceQuality "1"]

1. e4 e6 2. d4 d5 3. Nc3 dxe4 4. Nxe4 Nd7 5. Nf3 Ngf6 6. Bd3 Nxe4 7. Bxe4 Nf6 8. Bd3 c5 9. dxc5 Bxc5 10. 0-0 0-0 11. Bg5 Be7 12. Re1 b6 13. c3 Bb7 14. Ne5 Nd5 15. Bxe7 Qxe7 16. Qh5 f5 17. g3 Rad8 18. Qe2 Qf6 19. f4 Rfe8 20. Bb5 Re7 21. Bc6 g5 22. Bxb7 Rxb7 23. fxg5 Qxg5 24. Nf3 Qg6 25. Qxe6+ Qxe6 26. Rxe6 Re7 27. Rxe7 Nxe7 28. Re1 Kf7 29. Nd4 Rd5 30. Kf2 b5 31. a3 a5 32. b4 axb4 33. axb4 Nc8 34. Kf3 Nd6 35. Kf4 Ne4 36. Re3 Nxc3 37. Nxf5 Na2 38. Rb3 Nc1 39. Rf3 Ke6 40. g4 Nd3+ 41. Kg5 Nxb4 42. Re3+ Re5 1/2-1/2

[Event "Imola Ferrari Cup 1st"]
[Site "Imola"]
[Date "2021.12.05"]
[Round "5"]
[White "Mazzini, Mauro"]
[Black "Gola, Giorgio"]
[Result "0-1"]
[WhiteElo "2074"]
[BlackElo "1998"]
[PlyCount "48"]
[EventDate "2021.12.03"]
[EventType "swiss"]
[EventRounds "5"]
[EventCountry "ITA"]
[SourceTitle "EXT 2023"]
[Source "ChessBase"]
[SourceDate "2022.10.05"]
[SourceVersion "1"]
[SourceVersionDate "2022.10.05"]
[SourceQuality "1"]

1. e4 c5 2. Nf3 d6 3. d4 cxd4 4. Nxd4 Nf6 5. Nc3 a6 6. Rg1 b5 7. g4 Bb7 8. Bg2 g6 9. Be3 Nfd7 10. f4 Bg7 11. a3 Nb6 12. Qd3 Nc4 13. 0-0-0 Nd7 14. Nb3 Rc8 15. Bf2 Nxb2 16. Kxb2 Rxc3 17. Qxc3 Bxc3+ 18. Kxc3 Nb6 19. Kb2 Na4+ 20. Kc1 Qc8 21. Bd4 0-0 22. e5 Bxg2 23. Rxg2 Qc6 24. exd6 Qxd6 0-1

[Event "Veneto-ch qf 78th"]
[Site "Padova"]
[Date "2019.02.16"]
[Round "2.28"]
[White "Ongarelli, Marco"]
[Black "Gola, Giorgio"]
[Result "1/2-1/2"]
[WhiteElo "2021"]
[BlackElo "1701"]
[PlyCount "70"]
[EventDate "2019.02.15"]
[EventType "swiss"]
[EventRounds "5"]
[EventCountry "ITA"]
[SourceTitle "EXT 2024"]
[Source "ChessBase"]
[SourceDate "2023.10.10"]
[SourceVersion "1"]
[SourceVersionDate "2023.10.10"]
[SourceQuality "1"]

1. d4 d5 2. Nf3 Nf6 3. e3 Bf5 4. c4 e6 5. Qb3 b6 6. Nc3 Be7 7. Ne5 0-0 8. Be2 h6 9. 0-0 c6 10. Bd2 Qc7 11. Rac1 Qb7 12. cxd5 exd5 13. Bf3 Rd8 14. a4 Nbd7 15. Nxc6 Qxc6 16. Nxd5 Qe6 17. Nxe7+ Qxe7 18. Bxa8 Rxa8 19. f3 Be6 20. Qd3 Rd8 21. Qe2 Qd6 22. Qb5 Bd5 23. Bb4 Qe6 24. e4 Bb7 25. Rc7 a6 26. Qe2 Nd5 27. Rxb7 Nxb4 28. Rc1 Qd6 29. Qc4 a5 30. b3 Kf8 31. g3 g5 32. Kg2 Kg7 33. Kf2 Kg8 34. Kg2 Kg7 35. Kf2 Kg8 1/2-1/2

[Event "Wch U10"]
[Site "Pocos de Caldas"]
[Date "2017.08.29"]
[Round "9"]
[White "Gregoric, Andraz"]
[Black "Gola, Giorgio"]
[Result "1-0"]
[WhiteElo "1729"]
[BlackElo "1704"]
[PlyCount "65"]
[EventDate "2017.08.22"]
[EventType "swiss"]
[EventRounds "11"]
[EventCountry "BRA"]
[SourceTitle "CBM 180 Extra"]
[Source "ChessBase"]
[SourceDate "2017.10.06"]
[SourceVersion "1"]
[SourceVersionDate "2017.10.06"]
[SourceQuality "1"]

1. e4 e6 2. d4 d5 3. Nc3 Bb4 4. e5 c5 5. a3 Bxc3+ 6. bxc3 Qc7 7. Nf3 Nc6 8. a4 cxd4 9. cxd4 Nge7 10. Ba3 Na5 11. Bd3 Qc3+ 12. Kf1 Nf5 13. Qe1 Qc7 14. g4 Ne7 15. Bb4 Nac6 16. Bd6 Qd8 17. Rb1 b6 18. h4 Bb7 19. h5 h6 20. Qe3 Na5 21. g5 Nf5 22. Bxf5 exf5 23. gxh6 Rxh6 24. Qf4 Qd7 25. Rg1 Rh7 26. Rg5 Bc8 27. Nh4 Qxa4 28. Nxf5 Qxc2 29. Rc1 Qd3+ 30. Kg1 Qe4 31. Qxe4 dxe4 32. Nxg7+ Kd8 33. Ne6+ 1-0

[Event "Arvier Grand Paradis op-B 4th"]
[Site "Arvier"]
[Date "2017.08.04"]
[Round "6"]
[White "Gola, Giorgio"]
[Black "Virgilio, Gianluca"]
[Result "1-0"]
[WhiteElo "1650"]
[BlackElo "1771"]
[PlyCount "83"]
[EventDate "2017.07.30"]
[EventType "swiss"]
[EventRounds "7"]
[EventCountry "ITA"]
[SourceTitle "EXT 2023"]
[Source "ChessBase"]
[SourceDate "2022.10.05"]
[SourceVersion "1"]
[SourceVersionDate "2022.10.05"]
[SourceQuality "1"]

1. e4 c5 2. Nf3 g6 3. d4 Bg7 4. Be3 Nc6 5. c3 cxd4 6. cxd4 d5 7. e5 Nh6 8. Nc3 Nf5 9. Qb3 Nxe3 10. fxe3 e6 11. Nb5 Bf8 12. a3 Bd7 13. Rc1 a6 14. Nc3 Na5 15. Qc2 Rc8 16. b4 Nc4 17. Bxc4 dxc4 18. Ne4 Be7 19. 0-0 b6 20. Nfd2 0-0 21. Qd1 f5 22. exf6 Bxf6 23. Nxf6+ Rxf6 24. Rxf6 Qxf6 25. Nxc4 Rf8 26. Qe2 Bb5 27. Qe1 Qg5 28. Nd2 Qd5 29. Nf3 Bc6 30. Qg3 Qb5 31. Qg4 Rf5 32. Ne5 Bb7 33. e4 Rf6 34. h3 Qe8 35. Rc7 Bc8 36. h4 Qd8 37. Rc4 b5 38. Nc6 Qd7 39. Rc2 Bb7 40. d5 Qd6 41. e5 Qxd5 42. Ne7+ 1-0

[Event "Arvier Grand Paradis op-B 4th"]
[Site "Arvier"]
[Date "2017.08.02"]
[Round "4"]
[White "Gola, Giorgio"]
[Black "Bettassa, Fabio"]
[Result "1-0"]
[WhiteElo "1650"]
[BlackElo "1291"]
[PlyCount "61"]
[EventDate "2017.07.30"]
[EventType "swiss"]
[EventRounds "7"]
[EventCountry "ITA"]
[SourceTitle "EXT 2023"]
[Source "ChessBase"]
[SourceDate "2022.10.05"]
[SourceVersion "1"]
[SourceVersionDate "2022.10.05"]
[SourceQuality "1"]

1. e4 c5 2. Nf3 Nc6 3. d4 cxd4 4. Nxd4 Nf6 5. Nc3 e5 6. Ndb5 d6 7. Bg5 a6 8. Na3 b5 9. Nd5 Qa5+ 10. Bd2 Qd8 11. Nxf6+ Qxf6 12. c3 Be7 13. g3 Bb7 14. Bg2 0-0 15. Nc2 Rfd8 16. Ne3 Rac8 17. Nd5 Qg6 18. 0-0 Bf8 19. Be3 Ne7 20. Bb6 Re8 21. Nc7 Red8 22. f3 f5 23. Qb3+ Kh8 24. Ne6 Rd7 25. f4 fxe4 26. fxe5 Nf5 27. Bh3 Rf7 28. Bxf5 Rxf5 29. Rxf5 Qxf5 30. Rf1 Qh3 31. Ng5 1-0